000 00830nam a2200253 a 4500
001 52182
003 BD-RjUL
005 20211209075750.0
008 160906m19631964njua b 001 0 eng
035 _a(BD-RjUL)52302
040 _aDLC
_cODaWU
_dOCoLC
_dDLC
_dBD-RjUL
_beng
041 _aeng
082 _a338.9
_223
_bGIE 1964
100 1 _aGill, Richard T.
_q(Richard Thomas),
_d1927-2010
_9156092
245 1 0 _aEconomic development :
_bpast and present /
_cRichard T. Gill.
260 _aEnglewood Cliffs, N.J. :
_bPrentice-Hall,
_cc1963 [3d printing 1964]
300 _aviii, 120 p. :
_bill. ;
_c24 cm.
500 _aIncludes index
650 0 _aEconomic development.
_9156093
651 0 _aDeveloping countries.
_9156094
830 0 _aFoundations of modern economics series
_9136521
942 _2ddc
_cBK
999 _c52182
_d52182